[Event "Thanksgiving op"]
[Site "Winnipeg CAN"]
[Date "2003.10.12"]
[Round "5"]
[White "Greenberg, Harley"]
[Black "Curtis, Rory"]
[Result "1-0"]
[WhiteElo "1864"]
[BlackElo "1736"]
[PlyCount "39"]
[EventDate "2003.10.10"]
[EventType "swiss"]
[EventRounds "5"]
[EventCountry "CAN"]

1. d4 d5 2. c4 c6 3. Nc3 Nf6 4. g3 Bf5 5. Bg2 dxc4 6. Nf3 e6 7. O-O Be7 8. Re1
Nbd7 9. e4 Bg4 10. h3 Bh5 11. d5 Nxe4 12. dxc6 Nd6 13. cxd7+ Qxd7 14. g4 Bg6
15. Ne5 Qc7 16. Qa4+ Kf8 17. Nxg6+ hxg6 18. Bf4 Qb6 19. Rad1 Ne8 20. Qxc4 1-0

[Event "Thanksgiving op"]
[Site "Winnipeg CAN"]
[Date "2003.10.12"]
[Round "5"]
[White "Katona, John"]
[Black "Vincent, Trevor"]
[Result "0-1"]
[WhiteElo "1792"]
[BlackElo "2101"]
[PlyCount "58"]
[EventDate "2003.10.10"]
[EventType "swiss"]
[EventRounds "5"]
[EventCountry "CAN"]

1. e4 c5 2. c3 Nf6 3. e5 Nd5 4. d4 cxd4 5. Nf3 Nc6 6. cxd4 d6 7. Bc4 Nb6 8. Bb5
dxe5 9. Nxe5 Bd7 10. Nxd7 Qxd7 11. Nc3 e6 12. Qg4 g6 13. O-O Bg7 14. Be3 O-O
15. Qe4 Rac8 16. Rfd1 Rfd8 17. Bg5 Re8 18. Qh4 a6 19. Bxc6 Rxc6 20. Ne4 Nd5 21.
Rd3 f5 22. Nc3 Nb4 23. Rh3 Bxd4 24. Rd1 Rd6 25. Be3 Nc6 26. Na4 f4 27. Bxd4
Nxd4 28. Kh1 Qc7 29. Rc3 Ne2 0-1

[Event "Thanksgiving op"]
[Site "Winnipeg CAN"]
[Date "2003.10.12"]
[Round "5"]
[White "Khedkar, Jay"]
[Black "Gibson, Kris"]
[Result "1-0"]
[WhiteElo "1857"]
[BlackElo "1756"]
[PlyCount "43"]
[EventDate "2003.10.10"]
[EventType "swiss"]
[EventRounds "5"]
[EventCountry "CAN"]

1. e4 e5 2. Nf3 Nf6 3. Nxe5 Qe7 4. d4 Nxe4 5. Bd3 d6 6. Bxe4 dxe5 7. O-O f5 8.
Bd5 e4 9. Nc3 c6 10. Bb3 Be6 11. d5 Bf7 12. Bf4 g5 13. Qd4 Bg7 14. Qxg7 Rg8 15.
Qxh7 gxf4 16. Qxf5 Qh4 17. Nxe4 Nd7 18. dxc6 O-O-O 19. cxd7+ Kb8 20. Bxf7 Rh8
21. h3 Rhf8 22. Nd6 1-0

[Event "Thanksgiving op"]
[Site "Winnipeg CAN"]
[Date "2003.10.12"]
[Round "5"]
[White "Kohalmi, Andy"]
[Black "Liebzeit, Mick"]
[Result "1-0"]
[WhiteElo "1461"]
[BlackElo "1253"]
[PlyCount "139"]
[EventDate "2003.10.10"]
[EventType "swiss"]
[EventRounds "5"]
[EventCountry "CAN"]

1. d4 Nf6 2. c4 g6 3. Nc3 Bg7 4. e4 d6 5. Be2 O-O 6. Be3 Nc6 7. d5 Ne5 8. f3 c5
9. Qd2 Qb6 10. b3 Ne8 11. Bd1 f5 12. Nge2 fxe4 13. fxe4 Ng4 14. Bf4 Qa5 15. Rc1
Nef6 16. O-O Nh5 17. h3 Nxf4 18. Rxf4 Rxf4 19. Nxf4 Bd4+ 20. Kf1 Ne3+ 21. Ke2
Bd7 22. Nb5 Qxd2+ 23. Kxd2 Bxb5 24. cxb5 Rf8 25. g3 Nf1+ 26. Kd3 Nxg3 27. Ne6
Rf2 28. Nxd4 cxd4 29. Bg4 Rxa2 30. Be6+ Kg7 31. Rc7 Kf6 32. Rxb7 Ra3 33. Kxd4
Rxb3 34. Kc4 Nxe4 35. Rxa7 Nc5 36. Ra8 Re3 37. b6 Rxe6 38. dxe6 Kxe6 39. Kb5
Kd7 40. Ra7+ Kd8 41. Kc6 Ke8 42. b7 Nxb7 43. Rxb7 Kf7 44. Kd5 Kf6 45. h4 h6 46.
Ra7 g5 47. hxg5+ hxg5 48. Ra8 Kf5 49. Rf8+ Kg4 50. Ke6 Kh3 51. Rh8+ Kg3 52. Kf5
e5 53. Rh6 Kf3 54. Rh3+ Kg2 55. Rd3 g4 56. Kxg4 e4 57. Rd2+ Kf1 58. Kf4 d5 59.
Rxd5 e3 60. Kxe3 Kg2 61. Rg5+ Kf1 62. Kf3 Ke1 63. Rg2 Kf1 64. Rb2 Ke1 65. Rh2
Kd1 66. Ke3 Kc1 67. Kd3 Kb1 68. Kc3 Ka1 69. Kb3 Kb1 70. Rh1# 1-0

[Event "Thanksgiving op"]
[Site "Winnipeg CAN"]
[Date "2003.10.12"]
[Round "5"]
[White "Proulx, Roy"]
[Black "Rutter, Blair"]
[Result "1/2-1/2"]
[WhiteElo "1636"]
[BlackElo "1708"]
[PlyCount "35"]
[EventDate "2003.10.10"]
[EventType "swiss"]
[EventRounds "5"]
[EventCountry "CAN"]

1. d4 d5 2. e3 Nf6 3. Bd3 c6 4. Nf3 g6 5. Nbd2 Bg7 6. O-O O-O 7. Ne5 Nbd7 8. f4
Qc7 9. c3 Nxe5 10. fxe5 Ng4 11. Nf3 Bd7 12. h3 Nh6 13. e4 f6 14. exd5 cxd5 15.
Bf4 fxe5 16. Nxe5 Qc8 17. c4 Bxe5 18. Bxe5 1/2-1/2

[Event "Thanksgiving op"]
[Site "Winnipeg CAN"]
[Date "2003.10.12"]
[Round "5"]
[White "Shome, Devarshi"]
[Black "Hogeveen Rutter, Alexander"]
[Result "0-1"]
[WhiteElo "1676"]
[BlackElo "1698"]
[PlyCount "78"]
[EventDate "2003.10.10"]
[EventType "swiss"]
[EventRounds "5"]
[EventCountry "CAN"]

1. e4 c5 2. Nf3 Nc6 3. d4 cxd4 4. Nxd4 g6 5. Nc3 Bg7 6. Be3 Nf6 7. f3 O-O 8.
Qd2 d6 9. O-O-O Nxd4 10. Bxd4 Be6 11. g4 Qa5 12. a3 Rac8 13. h4 h5 14. g5 Nd7
15. Bxg7 Kxg7 16. Qd4+ Kg8 17. f4 Qc5 18. Qd2 Nb6 19. Be2 Nc4 20. Bxc4 Qxc4 21.
f5 gxf5 22. Rhg1 Kh7 23. g6+ fxg6 24. Qg5 Rf6 25. exf5 Bxf5 26. Rde1 Re6 27.
Ref1 Rc5 28. Rf4 Qa6 29. Rgf1 Qc6 30. Rxf5 Rxf5 31. Rxf5 gxf5 32. Qxf5+ Rg6 33.
Nd5 Kg7 34. Nf4 Qh1+ 35. Kd2 Qh2+ 36. Kc3 Qg3+ 37. Kd2 Qf2+ 38. Kc3 Rg3+ 39.
Nd3 Qxf5 0-1

[Event "Toronto Closed"]
[Site "Toronto CAN"]
[Date "2003.02.18"]
[Round "1"]
[White "Barron, Michael"]
[Black "Tang, Charlie"]
[Result "1/2-1/2"]
[WhiteElo "2370"]
[BlackElo "2240"]
[PlyCount "109"]
[EventDate "2003.02.18"]
[EventType "tourn"]
[EventRounds "11"]
[EventCountry "CAN"]

1. e4 c5 2. Nf3 Nc6 3. d4 cxd4 4. Nxd4 e6 5. c4 Nf6 6. Nxc6 bxc6 7. Bd3 e5 8.
Nc3 Bc5 9. O-O O-O 10. Na4 Bd4 11. c5 d5 12. cxd6 Qxd6 13. Bg5 Rd8 14. Rc1 Bb7
15. Kh1 h6 16. Bxf6 Qxf6 17. Qe2 Qd6 18. Ba6 Qb4 19. Bxb7 Qxb7 20. b3 Rd6 21.
Nb2 Rd7 22. Nc4 a5 23. Ne3 Bxe3 24. Qxe3 a4 25. Qc5 axb3 26. axb3 Qxb3 27. Qxe5
Qb5 28. Qc3 Ra2 29. Qxc6 Qxc6 30. Rxc6 Rxf2 31. Rc8+ Kh7 32. Rcc1 Re2 33. Rce1
Rdd2 34. Rxe2 Rxe2 35. h3 Kg6 36. Rf4 f6 37. h4 h5 38. Kg1 Rb2 39. Kh2 Rb5 40.
Kg3 Re5 41. Kf3 Kf7 42. Ke3 Ke6 43. Rf2 Ra5 44. Kf4 g6 45. Rb2 g5+ 46. hxg5
fxg5+ 47. Ke3 Ke5 48. Rb3 h4 49. Kf3 Rc5 50. Rd3 Ra5 51. Rd5+ Rxd5 52. exd5
Kxd5 53. Kg4 h3 54. gxh3 Ke6 55. Kxg5 1/2-1/2

[Event "Toronto Closed"]
[Site "Toronto CAN"]
[Date "2003.02.18"]
[Round "1"]
[White "Henderson, Fred"]
[Black "Southam, David"]
[Result "1/2-1/2"]
[WhiteElo "1950"]
[BlackElo "2202"]
[PlyCount "38"]
[EventDate "2003.02.18"]
[EventType "tourn"]
[EventRounds "11"]
[EventCountry "CAN"]

1. d4 d5 2. Nf3 e6 3. g3 c5 4. c4 Nc6 5. cxd5 exd5 6. Bg2 Nf6 7. O-O Be7 8. Nc3
O-O 9. dxc5 Bxc5 10. Na4 Be7 11. Be3 Re8 12. Nd4 Ne5 13. Nf3 Nc4 14. Bd4 Bd7
15. Ne5 b5 16. Nxc4 bxc4 17. e3 Ne4 18. Nc3 Nxc3 19. Bxc3 Bc6 1/2-1/2

[Event "Toronto Closed"]
[Site "Toronto CAN"]
[Date "2003.02.18"]
[Round "1"]
[White "Lawless, David"]
[Black "Lavin, David"]
[Result "0-1"]
[WhiteElo "2084"]
[BlackElo "2155"]
[PlyCount "48"]
[EventDate "2003.02.18"]
[EventType "tourn"]
[EventRounds "11"]
[EventCountry "CAN"]

1. e4 c5 2. Nf3 d6 3. d4 cxd4 4. Nxd4 Nf6 5. Nc3 Nc6 6. Bc4 e6 7. Be3 Be7 8.
Qe2 a6 9. Bb3 Qc7 10. O-O-O O-O 11. g4 Nd7 12. Rhg1 Nc5 13. g5 Nxd4 14. Bxd4 b5
15. h4 Bd7 16. h5 b4 17. g6 fxg6 18. hxg6 h6 19. Nb1 Nxb3+ 20. axb3 Rac8 21. c4
bxc3 22. bxc3 Qb7 23. Qc2 Bc6 24. Rde1 e5 0-1

[Event "Toronto Closed"]
[Site "Toronto CAN"]
[Date "2003.02.18"]
[Round "1"]
[White "Prpic, Goran"]
[Black "Haziprodromu, Sam"]
[Result "1-0"]
[WhiteElo "2140"]
[BlackElo "1959"]
[PlyCount "55"]
[EventDate "2003.02.18"]
[EventType "tourn"]
[EventRounds "11"]
[EventCountry "CAN"]

1. d4 Nf6 2. Bg5 Ne4 3. Bh4 c5 4. f3 g5 5. fxe4 gxh4 6. e3 Nc6 7. Nf3 Bg7 8. c3
e6 9. Nbd2 Qe7 10. e5 O-O 11. Bd3 Kh8 12. Qe2 a6 13. Ne4 b6 14. Neg5 h6 15. Nh3
d6 16. exd6 Qxd6 17. Be4 Rb8 18. Qf2 cxd4 19. exd4 Na5 20. O-O Bb7 21. Rae1 Bd5
22. Bb1 Rb7 23. Qc2 f5 24. Qc1 b5 25. Nf4 Rf6 26. Ne5 b4 27. Nh5 Rg6 28. Nxg6+
1-0

[Event "Toronto Closed"]
[Site "Toronto CAN"]
[Date "2003.02.21"]
[Round "2"]
[White "Lavin, David"]
[Black "Henderson, Fred"]
[Result "1-0"]
[WhiteElo "2155"]
[BlackElo "1950"]
[PlyCount "39"]
[EventDate "2003.02.18"]
[EventType "tourn"]
[EventRounds "11"]
[EventCountry "CAN"]

1. d4 Nf6 2. c4 g6 3. Nc3 Bg7 4. e4 d6 5. f3 O-O 6. Be3 e5 7. d5 c6 8. Bd3 cxd5
9. cxd5 a6 10. Nge2 Nbd7 11. O-O b5 12. a4 b4 13. Nb1 a5 14. Nd2 Ne8 15. Rc1
Bb7 16. Nb3 Nb6 17. Bb5 Ba6 18. Rc6 Bxb5 19. Bxb6 Bxe2 20. Qxe2 1-0

[Event "Toronto Closed"]
[Site "Toronto CAN"]
[Date "2003.02.21"]
[Round "2"]
[White "Shah, Omar"]
[Black "Lawless, David"]
[Result "1/2-1/2"]
[WhiteElo "1996"]
[BlackElo "2084"]
[PlyCount "71"]
[EventDate "2003.02.18"]
[EventType "tourn"]
[EventRounds "11"]
[EventCountry "CAN"]

1. e4 c5 2. Nf3 d6 3. d4 cxd4 4. Nxd4 Nf6 5. Nc3 a6 6. Be3 e5 7. Nb3 Be7 8. Be2
Be6 9. O-O O-O 10. f4 Qc7 11. Rf2 Nbd7 12. f5 Bc4 13. Bf3 b5 14. g4 b4 15. Ne2
d5 16. Ng3 dxe4 17. Nxe4 Nxe4 18. Bxe4 Rad8 19. Rd2 Nf6 20. Bg2 Rxd2 21. Nxd2
Rd8 22. g5 Nd5 23. Bf2 Bxg5 24. Nxc4 Qxc4 25. Qf1 Qxf1+ 26. Bxf1 Be3 27. Rd1
Bxf2+ 28. Kxf2 Rd7 29. Bxa6 Kf8 30. Bb5 Rd6 31. Bc4 Ne3 32. Re1 Nd1+ 33. Kf3
Nxb2 34. Bb3 f6 35. Re4 Rb6 36. Re1 1/2-1/2

[Event "Toronto Closed"]
[Site "Toronto CAN"]
[Date "2003.02.21"]
[Round "2"]
[White "Southam, David"]
[Black "Barron, Michael"]
[Result "1-0"]
[WhiteElo "2202"]
[BlackElo "2370"]
[PlyCount "125"]
[EventDate "2003.02.18"]
[EventType "tourn"]
[EventRounds "11"]
[EventCountry "CAN"]

1. d4 f5 2. g3 Nf6 3. Bg2 g6 4. Nh3 Bg7 5. O-O O-O 6. Nf4 d5 7. Nd3 c6 8. Nd2
Be6 9. Nf3 Ne4 10. c3 Nd7 11. Ng5 Nxg5 12. Bxg5 h6 13. Bd2 Bf7 14. f3 g5 15. e4
e6 16. Qe2 Qf6 17. exf5 exf5 18. f4 g4 19. Ne5 Rae8 20. Qd3 Be6 21. b4 Qd8 22.
b5 Qc8 23. bxc6 bxc6 24. Nxd7 Qxd7 25. Rfb1 Rb8 26. Bc1 Rb6 27. Rb3 Rfb8 28.
Rab1 Bf8 29. Be3 Qf7 30. R1b2 Ba3 31. Rb1 Bc8 32. Rxb6 axb6 33. c4 Bd6 34. cxd5
cxd5 35. Rb5 Be6 36. Qb3 Bc7 37. Bxd5 Re8 38. Kf2 Bxd5 39. Qxd5 Qxd5 40. Rxd5
Ra8 41. Rd7 Rxa2+ 42. Ke1 Rc2 43. Kd1 Rc4 44. d5 b5 45. d6 Ba5 46. Ra7 Re4 47.
Bf2 Re6 48. Rxa5 Rxd6+ 49. Ke2 Rd5 50. Ra7 Kf8 51. Rc7 Rd8 52. Bc5+ Kg8 53. Rb7
Ra8 54. Ba7 Kf8 55. Rb8+ Rxb8 56. Bxb8 Ke7 57. Kd3 Ke6 58. Kc3 Kd5 59. Kb4 Ke4
60. Bc7 Kf3 61. Bd8 Kg2 62. Bh4 Kxh2 63. Kxb5 1-0

[Event "Toronto Closed"]
[Site "Toronto CAN"]
[Date "2003.02.21"]
[Round "2"]
[White "Tang, Charlie"]
[Black "Henry, Liam"]
[Result "1-0"]
[WhiteElo "2240"]
[BlackElo "1964"]
[PlyCount "59"]
[EventDate "2003.02.18"]
[EventType "tourn"]
[EventRounds "11"]
[EventCountry "CAN"]

1. e4 c5 2. Nf3 d6 3. d4 cxd4 4. Nxd4 Nf6 5. f3 a6 6. c4 e6 7. Nc3 Be7 8. Be3
O-O 9. Be2 Qc7 10. O-O Nbd7 11. Rc1 b6 12. Qd2 Bb7 13. Rfd1 Rac8 14. Qe1 Rfe8
15. Qf2 Qb8 16. Nb3 Nc5 17. Nd4 Ncd7 18. Nc2 d5 19. cxd5 Rxc3 20. bxc3 exd5 21.
exd5 Nxd5 22. Bd4 Bd6 23. g3 h5 24. Bf1 h4 25. gxh4 Ne5 26. Re1 Nxf3+ 27. Qxf3
Ne3 28. Qe2 Ng4 29. Qxe8+ Qxe8 30. Rxe8+ 1-0

[Event "Toronto Closed"]
[Site "Toronto CAN"]
[Date "2003.02.25"]
[Round "3"]
[White "Barron, Michael"]
[Black "Lavin, David"]
[Result "0-1"]
[WhiteElo "2370"]
[BlackElo "2155"]
[PlyCount "116"]
[EventDate "2003.02.18"]
[EventType "tourn"]
[EventRounds "11"]
[EventCountry "CAN"]

1. e4 c5 2. Nf3 d6 3. d4 cxd4 4. Nxd4 Nf6 5. Nc3 Nc6 6. Be2 e5 7. Nb3 Be7 8.
O-O O-O 9. Kh1 a5 10. a4 Nb4 11. f4 Be6 12. f5 Bd7 13. Bg5 Bc6 14. Bf3 Rc8 15.
Qe2 h6 16. Bh4 b6 17. Rfd1 Ne8 18. Bf2 Qc7 19. g3 Nf6 20. Rd2 Rfd8 21. Rad1 Qb7
22. Kg1 Kf8 23. Nc1 Rd7 24. Nd5 Bxd5 25. exd5 Rdc7 26. c3 Na6 27. Re1 Nh7 28.
h4 Nf6 29. Qd1 b5 30. axb5 Qxb5 31. Qb3 Qd7 32. g4 Rb7 33. Qd1 Bd8 34. Bg2 h5
35. Bh3 hxg4 36. Bxg4 a4 37. Bh3 a3 38. bxa3 Rxc3 39. Rd3 Rc4 40. Rb3 Ba5 41.
Bf1 Rg4+ 42. Kh1 Bxe1 43. Bxe1 Nc5 44. Rb4 Qxf5 45. Bh3 Rbxb4 46. axb4 Qe4+ 47.
Kh2 Qf4+ 48. Kh1 Rxh4 49. Bxh4 Qxh4 50. bxc5 Qxh3+ 51. Kg1 Qe3+ 52. Kf1 Ne4 53.
Qc2 Nxc5 54. Ne2 e4 55. Qb2 Qb3 56. Qd2 Qf3+ 57. Ke1 e3 58. Qa5 Qh1+ 0-1

[Event "Toronto Closed"]
[Site "Toronto CAN"]
[Date "2003.02.25"]
[Round "3"]
[White "Henderson, Fred"]
[Black "Shah, Omar"]
[Result "0-1"]
[WhiteElo "1950"]
[BlackElo "1996"]
[PlyCount "46"]
[EventDate "2003.02.18"]
[EventType "tourn"]
[EventRounds "11"]
[EventCountry "CAN"]

1. d4 e6 2. Nf3 Nf6 3. g3 b6 4. Bg2 Bb7 5. O-O c5 6. c4 cxd4 7. Nxd4 Bxg2 8.
Kxg2 Be7 9. Nc3 O-O 10. b3 d6 11. Ba3 a6 12. e3 Qc8 13. Qf3 Ra7 14. Rac1 Rc7
15. Ne4 Nxe4 16. Qxe4 d5 17. cxd5 Bxa3 18. Rxc7 Qxc7 19. dxe6 Re8 20. exf7+
Qxf7 21. Qd3 Qd5+ 22. Kg1 Bc5 23. Rd1 Rd8 0-1

[Event "Toronto Closed"]
[Site "Toronto CAN"]
[Date "2003.02.25"]
[Round "3"]
[White "Henry, Liam"]
[Black "Southam, David"]
[Result "1/2-1/2"]
[WhiteElo "1964"]
[BlackElo "2202"]
[PlyCount "52"]
[EventDate "2003.02.18"]
[EventType "tourn"]
[EventRounds "11"]
[EventCountry "CAN"]

1. e4 c6 2. d4 d5 3. exd5 cxd5 4. c4 Nf6 5. Nc3 e6 6. Bg5 Bb4 7. Nf3 h6 8. Bh4
Qa5 9. Qc2 Ne4 10. Rc1 Qxa2 11. cxd5 Bxc3+ 12. bxc3 Qxc2 13. Rxc2 exd5 14. c4
dxc4 15. Bxc4 O-O 16. Ne5 Nc6 17. Nxc6 bxc6 18. Bd3 Bf5 19. Rxc6 Rfe8 20. O-O
g5 21. f3 Nd2 22. Rd1 Bxd3 23. Rxd2 Bb5 24. Rc5 a6 25. Bg3 Rad8 26. d5 Rd7
1/2-1/2

[Event "Toronto Closed"]
[Site "Toronto CAN"]
[Date "2003.02.25"]
[Round "3"]
[White "Prpic, Goran"]
[Black "Tang, Charlie"]
[Result "1/2-1/2"]
[WhiteElo "2140"]
[BlackElo "2240"]
[PlyCount "89"]
[EventDate "2003.02.18"]
[EventType "tourn"]
[EventRounds "11"]
[EventCountry "CAN"]

1. f4 d5 2. Nf3 c5 3. e3 g6 4. d4 Bg7 5. c3 Nf6 6. Bd3 Nc6 7. O-O Bf5 8. Bxf5
gxf5 9. Nbd2 O-O 10. Qe2 Qd6 11. Ne5 Rac8 12. Kh1 Ne4 13. Nxe4 fxe4 14. Bd2
cxd4 15. exd4 f5 16. Rg1 Nxe5 17. fxe5 Qe6 18. Bf4 Kh8 19. Qe3 Rc6 20. g3 Qc8
21. Rg2 Rg6 22. Rc1 Qe6 23. Rgc2 b5 24. Qe2 a6 25. Ra1 Bh6 26. Bxh6 Rxh6 27.
Rf1 Qg6 28. Qe3 Rg8 29. Rg2 Rh4 30. Qf2 Rh5 31. Qe2 Rg5 32. Rf4 Qh6 33. Kg1 e6
34. a4 Rg4 35. axb5 Qxf4 36. gxf4 Rxg2+ 37. Qxg2 Rxg2+ 38. Kxg2 axb5 39. Kf2
Kg7 40. b4 Kg6 41. Kg2 Kh5 42. Kg3 h6 43. h3 Kg6 44. Kh4 Kf7 45. Kg3 1/2-1/2

[Event "Toronto Closed"]
[Site "Toronto CAN"]
[Date "2003.02.28"]
[Round "4"]
[White "Lavin, David"]
[Black "Henry, Liam"]
[Result "0-1"]
[WhiteElo "2155"]
[BlackElo "1964"]
[PlyCount "76"]
[EventDate "2003.02.18"]
[EventType "tourn"]
[EventRounds "11"]
[EventCountry "CAN"]

1. d4 Nf6 2. c4 g6 3. Nc3 Bg7 4. e4 d6 5. f3 O-O 6. Be3 e5 7. d5 a5 8. Bd3 Na6
9. Nge2 Nc5 10. Bc2 h6 11. O-O Nh5 12. a3 f5 13. exf5 gxf5 14. Qd2 f4 15. Bf2
Bf5 16. b4 axb4 17. axb4 Rxa1 18. Rxa1 Na6 19. Rb1 Qg5 20. c5 Bh3 21. g4 fxg3
22. Qxg5 gxf2+ 23. Kxf2 hxg5 24. Ne4 Bf5 25. c6 bxc6 26. dxc6 d5 27. b5 Nb8 28.
Ke3 dxe4 29. Bb3+ Kh7 30. fxe4 Bg4 31. Bd5 Bxe2 32. Kxe2 Nf4+ 33. Kd2 Nxd5 34.
exd5 Rd8 35. b6 Rxd5+ 36. Ke3 Nxc6 37. bxc7 Ne7 38. Rb8 Rc5 0-1

[Event "Toronto Closed"]
[Site "Toronto CAN"]
[Date "2003.02.28"]
[Round "4"]
[White "Lawless, David"]
[Black "Henderson, Fred"]
[Result "1-0"]
[WhiteElo "2084"]
[BlackElo "1950"]
[PlyCount "118"]
[EventDate "2003.02.18"]
[EventType "tourn"]
[EventRounds "11"]
[EventCountry "CAN"]

1. d4 Nf6 2. c4 g6 3. Nc3 Bg7 4. e4 d6 5. Nf3 O-O 6. Be2 e5 7. O-O Nc6 8. d5
Ne7 9. b4 Nh5 10. Re1 f5 11. Bf1 Nf4 12. Bxf4 exf4 13. e5 g5 14. Nxg5 Ng6 15.
Qh5 h6 16. Qxg6 Qxg5 17. Qxg5 hxg5 18. Rac1 Bxe5 19. Nb5 Rf7 20. c5 a6 21. Nc3
Bd7 22. Bc4 Rf6 23. Nb1 Bb5 24. Nd2 g4 25. Bb3 Bd3 26. Bc4 Bxc4 27. Nxc4 Bd4
28. Re7 g3 29. Rxc7 Bxf2+ 30. Kh1 Rh6 31. h3 dxc5 32. bxc5 f3 33. Nd6 Be3 34.
Rd1 Bf4 35. Nxf5 Rxh3+ 36. gxh3 Bxc7 37. Nxg3 Rd8 38. Ne4 Bf4 39. Rf1 Be5 40.
Rd1 Rf8 41. Kg1 Kg7 42. Kf2 Kg6 43. Rd3 Rf4 44. Nd6 Bxd6 45. cxd6 Rf6 46. Rxf3
Rxd6 47. Rd3 Kf5 48. Kf3 Ke5 49. h4 b5 50. Ke3 b4 51. Kd2 a5 52. Kc2 a4 53. h5
b3+ 54. axb3 axb3+ 55. Kxb3 Rh6 56. Kc4 Rxh5 57. Kc5 Rh8 58. Re3+ Kf6 59. d6
Rc8+ 1-0

[Event "Toronto Closed"]
[Site "Toronto CAN"]
[Date "2003.02.28"]
[Round "4"]
[White "Shah, Omar"]
[Black "Barron, Michael"]
[Result "0-1"]
[WhiteElo "1996"]
[BlackElo "2370"]
[PlyCount "88"]
[EventDate "2003.02.18"]
[EventType "tourn"]
[EventRounds "11"]
[EventCountry "CAN"]

1. e4 e5 2. Nf3 Nc6 3. d4 exd4 4. Nxd4 Qh4 5. Nb5 Nf6 6. Be2 Bc5 7. O-O Nxe4 8.
Be3 O-O 9. Bxc5 Nxc5 10. Nxc7 Rb8 11. Nb5 b6 12. Nd6 Nd4 13. Nxc8 Rbxc8 14. Nc3
Rc6 15. g3 Nxe2+ 16. Qxe2 Qh3 17. Qf3 Rh6 18. Qg2 Qf5 19. Rac1 Rd6 20. Rfe1 Rd2
21. Ne4 Nxe4 22. Rxe4 d5 23. Rf4 Qe5 24. Rb4 Qe2 25. Qf1 Re8 26. c4 dxc4 27.
Rbxc4 Rxb2 28. Qxe2 Rbxe2 29. Rc8 Kf8 30. R8c7 Rxa2 31. Rb7 Rae2 32. Rcc7 R2e7
33. Rxa7 Rxc7 34. Rxc7 Rb8 35. Kf1 b5 36. Ke1 b4 37. Kd1 b3 38. Kc1 Ra8 39. Kd2
Ra2+ 40. Ke3 Ke8 41. Rb7 b2 42. h3 Kd8 43. f3 Kc8 44. Rb3 Ra3 0-1

[Event "Toronto Closed"]
[Site "Toronto CAN"]
[Date "2003.03.07"]
[Round "4"]
[White "Southam, David"]
[Black "Prpic, Goran"]
[Result "1/2-1/2"]
[WhiteElo "2202"]
[BlackElo "2146"]
[PlyCount "33"]
[EventDate "2003.02.18"]
[EventType "tourn"]
[EventRounds "11"]
[EventCountry "CAN"]

1. d4 Nf6 2. c4 c5 3. d5 e5 4. Nc3 d6 5. e4 Be7 6. Bd3 Nbd7 7. h3 Nf8 8. Nge2
Ng6 9. a3 Nh5 10. g3 O-O 11. Be3 Bg5 12. Bxg5 Qxg5 13. Qd2 Qe7 14. b4 b6 15.
Kd1 Bd7 16. Kc2 Rfc8 17. Kb2 1/2-1/2

[Event "Toronto Closed"]
[Site "Toronto CAN"]
[Date "2003.02.28"]
[Round "4"]
[White "Tang, Charlie"]
[Black "Haziprodromu, Sam"]
[Result "1-0"]
[WhiteElo "2240"]
[BlackElo "1959"]
[PlyCount "119"]
[EventDate "2003.02.18"]
[EventType "tourn"]
[EventRounds "11"]
[EventCountry "CAN"]

1. d4 Nf6 2. e3 d6 3. c4 g6 4. Nc3 Bg7 5. f4 O-O 6. Nf3 Nbd7 7. Bd3 e5 8. O-O
Re8 9. Qc2 Qe7 10. Be2 c6 11. Bd2 e4 12. Ng5 Nf8 13. Be1 h6 14. Nh3 Bxh3 15.
gxh3 Qd7 16. Kg2 Qf5 17. Bh4 N8h7 18. Qd1 h5 19. Qe1 Kh8 20. Qg3 Ng8 21. Kh1
Bf6 22. Rg1 Nh6 23. Bg5 Ng8 24. Qh4 Bg7 25. Bg4 hxg4 26. hxg4 Qd7 27. Rg3 f6
28. Rh3 Bf8 29. Bxf6+ Ngxf6 30. Qxf6+ Qg7 31. Qh4 Kg8 32. g5 Re7 33. Rf1 Qf7
34. f5 Rae8 35. Rf4 Qxc4 36. fxg6 Rg7 37. gxh7+ Kh8 38. Qf2 Be7 39. Rxe4 Rf7
40. Rf4 Rg7 41. d5 Qd3 42. Re4 cxd5 43. Re6 Rf7 44. Rf3 Rxf3 45. Qxf3 Rf8 46.
Qe2 Qxe2 47. Nxe2 Bxg5 48. Kg2 Kxh7 49. Nc3 Rc8 50. Kf3 Rc4 51. Rxd6 Rb4 52.
Rxd5 Kg6 53. Rb5 Rh4 54. Ne4 Bh6 55. Rxb7 Rxh2 56. Nf2 Bg7 57. b3 a5 58. Rb6+
Kf7 59. Rb5 Bc3 60. a3 1-0

[Event "Toronto Closed"]
[Site "Toronto CAN"]
[Date "2003.03.04"]
[Round "5"]
[White "Barron, Michael"]
[Black "Lawless, David"]
[Result "1/2-1/2"]
[WhiteElo "2370"]
[BlackElo "2084"]
[PlyCount "105"]
[EventDate "2003.02.18"]
[EventType "tourn"]
[EventRounds "11"]
[EventCountry "CAN"]

1. e4 e5 2. Nf3 Nc6 3. Bb5 a6 4. Ba4 Nf6 5. O-O Nxe4 6. d4 b5 7. Bb3 d5 8. dxe5
Be6 9. Nbd2 Nc5 10. c3 d4 11. cxd4 Nxd4 12. Nxd4 Qxd4 13. Bxe6 Nxe6 14. Qf3 Rd8
15. Qc6+ Rd7 16. Nf3 Qb6 17. Qxb6 cxb6 18. Be3 Bc5 19. Rfd1 Ke7 20. Rxd7+ Kxd7
21. Rd1+ Ke7 22. Bg5+ Nxg5 23. Nxg5 h6 24. Ne4 Rd8 25. Rxd8 Kxd8 26. g3 Bd4 27.
Nd6 Bxb2 28. f4 Ke7 29. Nf5+ Kf8 30. Kf2 h5 31. Ke3 g6 32. Nd6 Ba3 33. Nc8 Ke8
34. Ke4 Bc5 35. h3 Kd7 36. Na7 Kc7 37. Kd5 Bf2 38. g4 hxg4 39. hxg4 Bg3 40. f5
gxf5 41. gxf5 b4 42. Nc6 a5 43. Nd4 a4 44. e6 fxe6+ 45. fxe6 Bf2 46. Nc2 b3 47.
axb3 axb3 48. Na3 b2 49. Kc4 Kd6 50. Kc3 Kxe6 51. Kxb2 Kd5 52. Kb3 Kc5 53. Nc4
1/2-1/2

[Event "Toronto Closed"]
[Site "Toronto CAN"]
[Date "2003.03.04"]
[Round "5"]
[White "Haziprodromu, Sam"]
[Black "Southam, David"]
[Result "0-1"]
[WhiteElo "1959"]
[BlackElo "2202"]
[PlyCount "116"]
[EventDate "2003.02.18"]
[EventType "tourn"]
[EventRounds "11"]
[EventCountry "CAN"]

1. e4 e6 2. Qe2 c5 3. Nf3 Nc6 4. g3 g6 5. Bg2 Bg7 6. O-O Nge7 7. d3 d6 8. c3
O-O 9. Na3 e5 10. Nc2 d5 11. exd5 Nxd5 12. Ng5 f6 13. Ne4 b6 14. d4 exd4 15.
cxd4 Nxd4 16. Nxd4 cxd4 17. Rd1 Bb7 18. Bd2 Re8 19. Qd3 f5 20. Ng5 Qd7 21. h4
h6 22. Nf3 Ne7 23. Bf4 Rad8 24. Rac1 Nd5 25. Bd2 Re4 26. Nh2 Re6 27. Bh3 Nf6
28. Nf3 Qd5 29. Bg2 Re7 30. Bb4 Red7 31. h5 Nxh5 32. Nh4 Qf7 33. Bxb7 Rxb7 34.
Rc6 Nf6 35. Rdc1 h5 36. Nf3 Ne4 37. Nh4 Bf6 38. Ng2 Bg5 39. R1c2 Rbd7 40. a4
Rd5 41. Ne1 R8d7 42. Nf3 Bf6 43. Ne1 Kg7 44. Ng2 Be7 45. Bxe7 Qxe7 46. Nf4 R5d6
47. Rc8 Nc5 48. Qc4 Qf7 49. Qb4 Qb3 50. Qd2 d3 51. Nxh5+ gxh5 52. Qg5+ Rg6 53.
Qxh5 dxc2 54. Qh8+ Kf7 55. Rf8+ Ke6 56. Re8+ Kd5 57. Qe5+ Kc4 58. Qe2+ Qd3 0-1

[Event "Toronto Closed"]
[Site "Toronto CAN"]
[Date "2003.03.16"]
[Round "5"]
[White "Prpic, Goran"]
[Black "Lavin, David"]
[Result "1/2-1/2"]
[WhiteElo "2140"]
[BlackElo "2155"]
[PlyCount "52"]
[EventDate "2003.02.18"]
[EventType "tourn"]
[EventRounds "11"]
[EventCountry "CAN"]

1. f4 e5 2. e4 exf4 3. Bc4 g5 4. h4 d5 5. exd5 Bd6 6. Qe2+ Kf8 7. hxg5 Qxg5 8.
Nf3 Qf6 9. Nc3 Bf5 10. d4 Nd7 11. O-O Ne7 12. Nb5 Ng6 13. Bb3 Bg4 14. Nxd6 Qxd6
15. Qd3 Rg8 16. Ng5 Nf6 17. c4 h6 18. Nh3 Nh5 19. Bd1 Bxd1 20. Qxd1 Ng3 21.
Bxf4 Nxf4 22. Rxf4 Re8 23. Rf2 Re4 24. Qf3 Qd7 25. Nf4 Qf5 26. Qa3+ Ke8 1/2-1/2